| 000 | 00000nam##2200000za#4500 |
| 001 | 9.599648 |
| 003 | CaOODSP |
| 005 | 20240501092931 |
| 007 | cr ||||||||||| |
| 008 | 150406|2002||||xxc|||||o f|0| 0 fre|d |
| 040 | |aCaOODSP|bfre |
| 043 | |an-cn--- |
| 086 | 1 |aPS83-3/126F-PDF |
| 110 | 2 |aService correctionnel Canada. |
| 245 | 10|aL'Échelle révisée d'information statistique sur la récidive (Échelle d'ISR-R1) : |h[ressource électronique]|bun examen psychométrique / |c[par] Mark Nafekh and Laurence L. Motiuk. |
| 260 | |bService correctionnel Canada |cNovembre 2002. |
| 300 | |a55p.|bgraphiques, références, tableaux |
| 490 | 1 |aRapport de recherche|vR-126 |
| 590 | |a10-14-Supp|b2010-12-03 |
| 720 | 1 |aMotiuk, Laurence L. |
| 720 | 1 |aNafekh, Mark |
| 775 | 08|tThe statistical information on recidivism - revised 1 (SIR-R1)Scale : |w(CaOODSP)9.568359 |
| 830 | #0|aRapport de recherche (Service correctionnel Canada. Direction de la recherche)|vR-126|w(CaOODSP)9.502465 |
| 856 | 40|ahttp://publications.gc.ca|qPDF|s398 Ko|uhttps://publications.gc.ca/collections/collection_2010/scc-csc/PS83-3-126-fra.pdf|yR-126 |